Youtuberzy - Statystyki

Ogólne statystyki
  • Ten quiz został rozwiązany 108 razy
  • Średni wynik to 8 z 33
Statystyki odpowiedzi
Hint Odpowiedź % Poprawnych
1 friz
91%
7 blowek
73%
3 wersow
61%
6 rezi
53%
18 kartoni
31%
32 tromba
30%
2 jawor
25%
16 mortalcio
25%
10 sitrox
25%
5 fausti
23%
12 natsu
23%
29 palion
23%
8 świeży
23%
14 bartek kubicki
22%
17 julia żugaj
22%
9 hania
19%
21 marcin dubiel
19%
24 murcix
19%
19 przemek pro
17%
26 fusialka
16%
25 fagata
14%
13 lexy
14%
4 kaluch
13%
15 monika kociołek
13%
33 natix
13%
11 zukol
11%
27 patec
9%
23 kacper błoński
8%
22 luka
8%
20 andziaks
6%
31 agu
2%
28 czvijnik
0%
30 zio
0%
Nie znaleziono quizów pasujących do podanych kryteriów
Rozkład punktacji
Procent ludzi z każdym wynikiem
Percentyl według liczby udzielonych odpowiedzi
Twoja historia wyników
Nie rozwiązałeś tego quizu